00217pam a2200097 a 4500020000500000041000500005082001300010245004400023260003500067300001700102 c h a750bGOS aNain Sukh of GalerhTextual Documents a[s.l]:bB. N. Goswamy ,c2011. a304:bpaper.